000
00303 a2200157 4500
001
179760
020
_a
040
_c
Magnum
100
_a
Alvarado, Maite
240
1
0
_a
O leiturao
_l
por
245
1
0
_a
O leiturao
362
0
_a
1899
440
1
_a
Ática
697
_a
MAGNITO: ENSINO
942
_c
BK
999
_c
179760
_d
179760